| 000 | 012660am a22003370004500 | ||
|---|---|---|---|
| 003 | EG-GiCUC | ||
| 008 | 070314s1991 ua g 000 0 ara d | ||
| 017 |
_a3457 / 1991 _bمصر.دار الكتب |
||
| 020 | _a9775107253 | ||
| 040 |
_aEG-GiCUC _bara _cEG-GiCUC |
||
| 041 | 1 |
_aara _heng |
|
| 050 | 4 |
_aBF637 _bN4F58 1991 |
|
| 092 | 0 | 4 |
_a158.2 _bF5358 _221 |
| 099 |
_a04 _a158.2 F5358 |
||
| 100 | 1 |
_aفيشر : روجر : _d1922- |
|
| 245 | 1 | 0 |
_aنحو التآلف والاتفاق : _bبناء علاقات ايجابية / _cتأليف روجر فيشر : سكوت براون |
| 250 | _aط1 العربية | ||
| 260 |
_aالقاهرة : _bالدار الدولية : _c1991 |
||
| 300 |
_a275ص ؛ _c22سم |
||
| 504 | _aيشتمل على ارجاعات ببليوجرافية | ||
| 546 | _aترجم عن الاصل : Getting Together : Building A Relationship That Gets to Yes | ||
| 650 | 7 |
_aالتوفيق _2qrmak |
|
| 650 | 7 |
_aالعلاقات الانسانية _2qrmak |
|
| 650 | 7 |
_aالمفاوضات _2qrmak |
|
| 700 | 1 |
_aبراون : سكوت : _eمؤلف مشارك |
|
| 700 | 1 |
_aرضوان : محمد محمود : _eمترجم |
|
| 902 | _a1 | ||
| 905 |
_aبلتاجى _eمراجع |
||
| 905 |
_aجمال _eمدخل |
||
| 942 |
_2ddc _cBK |
||
| 999 |
_c93372 _d93372 |
||